Quizzes
Events
Quiz Creation
Community
Videos
Private Events
Remove Ads
Sign In
Join for FREE
Feedback
Dark Mode
Quiz Categories
Sports
Geography
Music
Movies
Television
Just For Fun
Miscellaneous
History
Literature
Language
Science
Gaming
Entertainment
Religion
Holiday
For Kids
Quiz Lab
Recent
Popular Today
Quiz Kudos Today
Editor Picks
Curator Picks
Quizzes by...
Day
Popularity
Type
Ratings
Length
Year
Community
Subscriptions
Recent Discussions
Orange Saloon
Badges
Playlists
Quests
Create
Leaderboards
Showdown
Live 5
Trivia Bingo
Activity
Puzzle Library
Sporcle Events
Private Events
Virtual Trivia
Globe League
Become a Host
Pub Owners
SporcleCon
Opinionation
Our Games
Videos
Blog
Mobile Apps
Partnerships
Remove Ads and Go Orange
Feedback
Music
Pop Music
The Beatles
Song
Album
Lyrics
Bands
Singers
Artist
Clip
Rock
Rap
Classical
Billboard
Country Music
Kpop
Taylor Swift
Music
Pop Music
The Beatles
Song
Album
Lyrics
Bands
Singers
Artist
Clip
Rock
Rap
Classical
Billboard
Country Music
Kpop
Taylor Swift
Random Quiz
Search Sporcle
×
Quiz Lab
Quiz Lab
Music
Billboard
Type in answers that appear in a list
Type in answers that appear in a list
Classic
Best Score? Go Orange.
Number One Albums of 2014 Stats
Can you name the Number One Albums of 2014
By
magicalkidd
7m
52 Questions
97 Plays
97 Plays
97 Plays
Comments
Comments
Give Quiz Kudos
Give Quiz Kudos
-
- Ratings
hide this ad
More Info
Replay
Link that replays current quiz
Next Quiz
Link to next quiz in quiz playlist
You Got
0%
They Got
Avg Score
37%
Avg Friend Score
Upgrade to see
Score Distribution
Jump to the score distribution portion of the page
Score
0/52
Timer
07:00
0
Plays Today
Week
Album Name
% Correct
November 15
1989
87.6%
November 22
1989
87.6%
November 29
1989
87.6%
December 13
1989
87.6%
December 20
1989
87.6%
January 4
Beyoncé
69.1%
January 11
Beyoncé
69.1%
January 18
Frozen: Original Motion Picture Soundtrack
59.8%
January 25
Frozen: Original Motion Picture Soundtrack
59.8%
February 8
Frozen: Original Motion Picture Soundtrack
59.8%
February 15
Frozen: Original Motion Picture Soundtrack
59.8%
March 8
Frozen: Original Motion Picture Soundtrack
59.8%
March 29
Frozen: Original Motion Picture Soundtrack
59.8%
April 5
Frozen: Original Motion Picture Soundtrack
59.8%
April 12
Frozen: Original Motion Picture Soundtrack
59.8%
April 19
Frozen: Original Motion Picture Soundtrack
59.8%
April 26
Frozen: Original Motion Picture Soundtrack
59.8%
May 3
Frozen: Original Motion Picture Soundtrack
59.8%
May 10
Frozen: Original Motion Picture Soundtrack
59.8%
May 17
Frozen: Original Motion Picture Soundtrack
59.8%
July 12
x
49.5%
December 6
Four
39.2%
September 13
My Everything
36.1%
June 7
Ghost Stories
28.9%
June 14
Ghost Stories
28.9%
July 26
1000 Forms Of Fear
26.8%
Week
Album Name
% Correct
September 20
V
25.8%
July 5
Ultraviolence
24.7%
October 11
Cheek To Cheek
24.7%
August 9
5 Seconds Of Summer
23.7%
June 28
Lazaretto
21.6%
August 23
Guardians Of The Galaxy: Awesome Mix, Vol. 1
21.6%
August 30
Guardians Of The Galaxy: Awesome Mix, Vol. 1
21.6%
May 31
Turn Blue
20.6%
November 8
.5: The Gray Chapter
19.6%
June 21
Platinum
17.5%
August 2
Mandatory Fun
17.5%
February 1
High Hopes
15.5%
December 27
2014 Forest Hills Drive
14.4%
July 19
Trigga
13.4%
March 1
The Outsiders
12.4%
October 4
Partners
10.3%
November 1
Anything Goes
10.3%
September 6
Blacc Hollywood
9.3%
October 25
Old Boots, New Dirt
9.3%
October 18
Bringing Back The Sunshine
7.2%
March 15
Oxymoron
7.2%
August 16
Hypnotic Eye
6.2%
March 22
Mastermind
5.2%
May 24
Now 50
5.2%
February 22
Now 49
5.2%
September 27
Anomaly
3.1%
Quiz Playlist
Details
Report
Send in Message
Add To Playlist
More Info:
*This artist earned the largest sales week for a single album since 2002.
Classic:
Type in answers that appear in a list
Last Updated: Feb 16, 2017
Quiz Scoreboard
CHALLENGE
Sign Up to Join the Scoreboard
Show All
Scores
Hide
Comments
May contain spoilers
Recently Published
Movies - When Are They Set?
by FPL_Elf
Movies
5m
Popular People in 1961
by mucciniale
History
6m
1-10 Letter E Words III
by El_Dandy
Language
2m
More to Explore
Quiz From the Vault
Featured Blog Post
Where Did the Easter Bunny Come From?
hide this ad
You Might Also Like...
Tags
Billboard Quiz
Taylor Swift Quiz
Beyonce
Top Billboard
US Billboard
Today's Top Quizzes in Music
Browse Music
hide this ad
Today's Top Quizzes in Billboard
Browse Billboard
Top Contributed Quizzes in Music
1
Taylor Swift All Songs (2024)
2
2010s Album by Cover III
3
One Thing in Common: Music
4
Taylor Swift Logic Puzzle
5
Guess the Artist- 70s Songs
6
2010s Album by Cover IV
7
Guess the Taylor Swift song (Mystery Song)
8
2010s Album by Cover V
9
Lana Del Rey Discography (BTD to DYKTTATUOB)
10
2010s Album by Cover VI
Explore More
Trending Topics
Anime
Harry Potter
Crossword
Marvel
NBA
Disney
Kpop
NFL
Song
Country
Soccer
Pokémon
The Office
WWE
Puzzle
hide this ad
More By:
magicalkidd
Quiz
Plays
Rating
Category
Featured
Created
Michael Jackson Opening Lyrics
3,261
4.73
Music
Jan 15, 2011
EastEnders - 30 Years of Cliffhangers
1,755
5.00
Television
Mar 28, 2018
All-Time Billboard 200
1,713
3.94
Music
Nov 12, 2015
Beyoncé Live!
1,647
5.00
Music
Sep 15, 2013
Madonna Live!
1,515
5.00
Music
Jan 24, 2013
Go to Creator's Profile
Score Distribution
Quiz Creator Spotlight
magicalkidd
Follow
Send a Message
Quizzes Created
-
Created Quiz Play Count
-
More By This Creator
Popular Quizzes Today
1
Find the US States - No Outlines Minefield
2
Find the Countries of Europe - No Outlines Minefield
3
The Countries of the World
4
Popular People in 1961
5
1-10 Letter E Words III
6
US States
7
Find the US States
8
One Thing in Common: World Cities II
More Music Quizzes
Spoken Word Intro: Meat Loaf
Quiz Lab
Trending Quizzes
Risky Map Clicking: Least Populous States A-Z
1-10 Letter F Words
1-10 Letter G Words
One Thing in Common: United Kingdom
Risky Map Clicking: Next State Alphabetically
Recently Updated
Leaping Animals
pecheneg
Reality TV Shows (A-Z)
bhenderson79
Rickey Henderson's Hall of Fame Teammates
pecheneg
Champions League XIs: Arsenal
pecheneg
Quick Pick: Celebrities in WWE's Hall of Fame
aduchscher
A-Z Keypad Blitz II
pecheneg
Multiple Oscar Actors
pecheneg
Mystery Phrase Blitz: Oscar 'Best Actors'
pecheneg
F. Scott Fitzgerald Novels
LTH
Pick 3 Villains
ddd62291
Trending Topics
Crossword
Marvel
NBA
Disney
Kpop
Anime
Harry Potter
The Office
Puzzle
Pokémon
Country
NFL
Song
Soccer
WWE
Your Account Isn't Verified!
In order to create a playlist on Sporcle, you need to verify the email address you used during registration. Go to your
Sporcle Settings
to finish the process.
Report this User
Report this user for behavior that violates our
Community Guidelines
.
Details:
Send Report
Go to the Sporcle.com Mobile Site →
Comments